000 00870nam a2200301Ia 4500
003 OSt
005 20220912151228.0
006 a|||||r|||| 00| 0
007 ta
008 220909b |||||||| |||| 00| 0 eng d
020 _a0521646731 (pbk)
024 _a7353
037 _bBiotek,
037 _cTextbook
040 _aCSL
_beng
_cCSL
041 _aeng
082 _aI, N2;P0 TI
100 _aBell Peter R
245 0 _aGreen plants: their origin and diversity
250 _a2
260 _aCambridge
_bCambridge University Press
_c2000
300 _avii, 349p.
_ccm.
500 _aGlossary 317-326p; Bibliographical references 327-329p.
_ccm.; Index 331-349p.
_ccm.
650 _aPlant science
700 _a Hemsley Alan R
942 _hI, N2;P0 TI
_cTB
_2CC
999 _c64074
_d64074